| 000 | 00931nam a22002417a 4500 | ||
|---|---|---|---|
| 999 |
_c4480 _d4480 |
||
| 003 | AR-CdUCM | ||
| 008 | 190308b ||||| |||| 00| 0 spa d | ||
| 040 |
_aMUNICIPALIDAD PROVINCIAL DEL CUSCO _cBIBLIOTECA MUNICIPAL DEL CUSCO |
||
| 082 |
_a704.98 / _bM19 |
||
| 100 |
_aMale, Emile _914069 |
||
| 245 |
_aEl arte religioso : _bdel siglo XII al siglo XVIII |
||
| 260 |
_aMexico : _bFCE, _c1952. |
||
| 300 |
_a229 páginas _c17 cm. |
||
| 440 |
_aBreviarios del fondo de cultura economica _n59 _914070 |
||
| 505 | _aSus orígenes -- Influencia del drama litúrgico -- El arte y los santos -- La peregrinación, las rutas de Italia -- El mundo y la naturaleza -- simbolismo de arte en la edad media... | ||
| 650 |
_aArte. _9561 |
||
| 650 |
_aReligión. _91195 |
||
| 650 |
_aPeregrinación. _914071 |
||
| 650 |
_aLiturgia. _93920 |
||
| 700 |
_aArreola, Juan Jose (traductor) _914072 |
||
| 942 |
_2ddc _cLIBROS |
||
| 945 |
_awfj _d2019-03-08 |
||